00938nam a2200253 a 450000100060000000300090000600500170001500800410003202000180007304000280009104300180011908200170013710000300015424500890018426000810027330000260035449000650038049000580044565000470050365000260055065000230057665000510059970000340065026392CO-ViMGA20230915223421.0141112s2004 ck r 000 u spa d a9789708100977 aCO-ViMGAbspacCO-ViMGA an - mx - - - 04aI920.7 M15b1 aBaranda, María, 1962 - 10aMalintzin : bla noche de Marina / cMaría Baranda ; ilustración Margarita Sada. aMéxico : bLumen : bConsejo Nacional para la Cultura y las Artes, c2007. a47 p. : il. ; 25 cm.0 aColeccion Huellas de México ; Serie : Fabrica de historias0 aColección huellas de México. Fabrica de historias14aIndígenas de México - - Biografías 14aLiteratura infantil. 14aMexico - Historia 14aMujeres en la historia - - Literatura infantil1 aSada, Margarita, 1966 - , il.